| 000 | 00944nam a2200313M 4500 | ||
|---|---|---|---|
| 001 | 96847 | ||
| 005 | 20230410143131.0 | ||
| 008 | 950919s1981 sp 000 0 spa d | ||
| 035 | _a(OCoLC)ocn651382217 | ||
| 040 |
_aBNMEX _bspa _cBNMEX |
||
| 020 | _a8423903354 | ||
| 020 | _a9788423903351 | ||
| 035 | _a(OCoLC)651382217 | ||
| 082 | 0 | 4 |
_a082.1 _bAUS.c.335 |
| 050 | 1 | 4 | _abF363c 1981 |
| 049 | _aGRAL | ||
| 100 | 1 |
_aFernández de Moratín, Leandro, _d1760-1828. |
|
| 245 | 1 | 3 |
_aLa comedia nueva, o, El café : _bEl sí de las niñas / _cLeandro Fernández de Moratín. |
| 250 | _a16a ed. | ||
| 260 |
_aMadrid : _bEspasa-Calpe, _c1981. |
||
| 300 |
_a143 p. ; _c18 cm. |
||
| 490 | 1 |
_aColec. Austral; _v335 |
|
| 700 | 1 | 2 |
_aFernández de Moratín, Leandro, _d1760-1828 _t. Sí de las niñas _f. 1981. |
| 740 | 3 | 2 | _aEl sí de las niñas. |
| 830 | 0 |
_aColec. Austral ; _v335. |
|
| 942 |
_2lcc _cbk |
||
| 946 | _amjcruz | ||
| 994 |
_aC0 _bDRFGD |
||
| 999 |
_c96306 _d96306 |
||